Rôles Pierre Niney - Statistiques

Statistiques générales
  • Ce quiz a été pris 96 fois
  • Le résultat moyen est 7 sur 17
Statistiques - réponses
Par images Réponse % Correct
Yves Saint Laurent
90%
Boîte Noire
78%
20 Ans d'Ecart
77%
Five
71%
Sauver ou Périr
59%
Le Livre des Solutions
46%
Mascarade
42%
Frantz
40%
Goliath
38%
Un Homme Idéal
37%
OSS 117 : Alerte Rouge en Afrique Noire
29%
L'Odyssée
28%
Le Compte de Monte Cristo
17%
J'aime Regarder les Filles
15%
Comme des Frères
12%
Les Emotifs Anonymes
5%
Nos 18 Ans
4%
Aucun quiz correspondant
Distribution des résultats
% des personnes avec chaque résultat
Percentile par nombre de réponses
Votre historique - résultats
Vous n’avez pas pris ce quiz